000 00652nam a2200229 a 4500
005 20140310182427.0
008 100111s19uu xx 00 eng d
020 _a9789715847438
050 _aLB 2806.15
_b.B148 2008
100 _aBago, Adelaida L.
245 _aCurriculum development :
_bthe Philippine experience /
_cAdelaida L. Bago.
250 _a2nd. ed.
260 _aQuezon City :
_bC & E Publishing,
_c2008.
300 _a244 p. :
_c21 cm.
521 _aEDU
650 _aCurriculum planning
_xPhilippines.
650 _aEducation
_xPhilippines.
942 _cBK
_2lcc
_kLOC
999 _c13293
_d13293